000 00638nam a2200205Ia 4500
003 OSt
005 20250612092047.0
008 210210b1975 xxu||||| |||| 00| 0 eng d
040 _cAL
041 _aKannada
082 _aK894.1 KESH
100 _aKESHAVA BHATTA (T)
_dಕೇಶವ ಭಟ್ಟ (ಟಿ)
_9214426
245 _aHadina chudamani: Janapada gitagalu
_bಹಾಡಿನ ಚೂಡಾಮಣಿ:ಜಾನಪದ ಗೀತೆಗಳು
260 _aBengaluru
_bChira Sahitya Prakashana
_c1975
300 _a203
650 _aJanapada Gitagalu
_9214427
690 _aKannada Poetry
_9214428
906 _a040538
942 _2ddc
_cBK
999 _c90350
_d90350